Recopilació d'estudis descriptius sobre la Conca del riu Besòs / coordinador: Ricard Ros i Puig ; classificació: Eva García i Balaguer Ricard Ros i Puig ; classificació:
Publicado:
Granollers :
Consorci per a la Defensa de la Conca del Riu Besòs. Entitat Delegada de Sanejament ,
1991
Descripción Física:
97 p. ; 15 cm
Materias:
Besòs (Riu) -- Bibliografia
MARC
| LEADER | 00000nam a2200000Ia 4500 | ||
|---|---|---|---|
| 001 | 21372 | ||
| 008 | 160829s1991 xx 000 0 cat d | ||
| 080 | |a C-3-191 | ||
| 245 | |a Recopilació d'estudis descriptius sobre la Conca del riu Besòs / coordinador: |b Ricard Ros i Puig ; classificació: |b Eva García i Balaguer | ||
| 260 | |a Granollers : |b Consorci per a la Defensa de la Conca del Riu Besòs. Entitat Delegada de Sanejament, |c 1991 | ||
| 300 | |a 97 p. ; |c 15 cm | ||
| 590 | |a Amb el suport de l'Ajuntament de Barcelona | ||
| 650 | |a Besòs (Riu) |x Bibliografia |9 44389 | ||
| 700 | |a Ros i Puig, Ricard, coord. |9 32756 | ||
| 700 | |a García i Balaguer, Eva |9 44390 | ||
| 710 | 1 | |a Consorci per a la Defensa de la Conca del Besòs |9 52684 | |
| 710 | 1 | |a Barcelona (Catalunya). |b Ajuntament |9 50981 | |
| 901 | |a Arxiu | ||
| 942 | |n 1 | ||
| 952 | |0 0 |1 0 |4 0 |6 C3191 |7 1 |9 51928 |a Arxiu |b Arxiu |d 2016-12-01 |l 0 |o C-3-191 |p 21372 |r 2016-12-01 00:00:00 |w 2016-12-01 |y ARXIU | ||
| 999 | |c 55774 |d 55774 | ||